000 00951nam a22003017a 4500
001 8285
003 FISKH
005 20250908141856.0
008 250908b cb ||||| |||| 00| 0 eng d
020 _a9780439640220
040 _aFISKH
_beng
_cFISKH
_dFISKH
050 _aPZ8.M966 S
082 _a398.2
100 _aJ.Muth, Jon
_d(1960-)
245 _aStone soup /
_cRetold and Illustrated by Jon J.Muth
250 _aThis edition first published in 2004
260 _aNew York :
_bScholastic,
_c2003
300 _a30 unnumbered pages :
_bcolor illustrations ;
_c23 cm
505 _aN
520 _aThree wise monks trick a poor, frightened community into finding happiness by teaching them the magic of generosity.
521 8 _a560
_bLexile
521 8 _aN
_bRaz-Plus
650 _2China
_aFolktale
650 _2Cooperation
_aTraditional fantasy
700 _aJ.Muth, Jon
_dillustrator
942 _2ddc
_cBK
_n0
999 _c8285
_d8285